000 00419nam a2200145Ia 4500
008 210716s2009 xx 000 0 und d
020 _a0195699181
041 _aeng
082 _a659.2 SACI
100 _aSachdeva, Iqbal S
245 _aPublic relations: principles and practices.
_bprinciples and practices.
260 _aNewyork
_bOxford University Press
_c2009
300 _axvi,568
650 _aGeneral Management
999 _c203857
_d203857